<?xml version="1.0" encoding="UTF-8"?>
<record
    xmlns:xsi="http://www.w3.org/2001/XMLSchema-instance"
    xsi:schemaLocation="http://www.loc.gov/MARC21/slim http://www.loc.gov/standards/marcxml/schema/MARC21slim.xsd"
    xmlns="http://www.loc.gov/MARC21/slim">

  <leader>00781cam a22002418a 4500</leader>
  <controlfield tag="001">18286170</controlfield>
  <controlfield tag="005">20151027153833.0</controlfield>
  <controlfield tag="008">140828t2015    moua   frb    001 0 eng d</controlfield>
  <datafield tag="020" ind1=" " ind2=" ">
    <subfield code="a">9780323266024 (pbk. : alk. paper)</subfield>
  </datafield>
  <datafield tag="040" ind1=" " ind2=" ">
    <subfield code="a">DNLM/DLC</subfield>
    <subfield code="c">DLC</subfield>
    <subfield code="d">EG-ScBUE</subfield>
    <subfield code="b">eng</subfield>
  </datafield>
  <datafield tag="082" ind1="0" ind2="4">
    <subfield code="a">618.970231</subfield>
    <subfield code="2">22</subfield>
    <subfield code="b">MEI</subfield>
  </datafield>
  <datafield tag="100" ind1="1" ind2=" ">
    <subfield code="a">Meiner, Sue.</subfield>
    <subfield code="9">37726</subfield>
  </datafield>
  <datafield tag="245" ind1="1" ind2="0">
    <subfield code="a">Gerontologic nursing /</subfield>
    <subfield code="c">Sue E. Meiner.</subfield>
  </datafield>
  <datafield tag="250" ind1=" " ind2=" ">
    <subfield code="a">5th ed.</subfield>
  </datafield>
  <datafield tag="260" ind1=" " ind2=" ">
    <subfield code="a">Missouri :</subfield>
    <subfield code="b">Elsevier / Mosby,</subfield>
    <subfield code="c">c.2015.</subfield>
  </datafield>
  <datafield tag="300" ind1=" " ind2=" ">
    <subfield code="a">xxiii, 680 p. :</subfield>
    <subfield code="c">ill. ;</subfield>
    <subfield code="b">28 cm.</subfield>
  </datafield>
  <datafield tag="500" ind1=" " ind2=" ">
    <subfield code="a">Index : p. 659-680.</subfield>
  </datafield>
  <datafield tag="504" ind1=" " ind2=" ">
    <subfield code="a">Includes bibliographical references.</subfield>
  </datafield>
  <datafield tag="650" ind1=" " ind2="7">
    <subfield code="a">Geriatric nursing.</subfield>
    <subfield code="2">BUEsh</subfield>
    <subfield code="9">28906</subfield>
  </datafield>
  <datafield tag="650" ind1=" " ind2="7">
    <subfield code="a">Terminal care.</subfield>
    <subfield code="2">BUEsh</subfield>
    <subfield code="9">27291</subfield>
  </datafield>
  <datafield tag="653" ind1=" " ind2=" ">
    <subfield code="b">NNUR</subfield>
    <subfield code="c">April2015</subfield>
    <subfield code="c">June2015</subfield>
    <subfield code="c">October2015</subfield>
  </datafield>
  <datafield tag="942" ind1=" " ind2=" ">
    <subfield code="2">ddc</subfield>
    <subfield code="k">618.970231 MEI</subfield>
  </datafield>
  <datafield tag="999" ind1=" " ind2=" ">
    <subfield code="c">19221</subfield>
    <subfield code="d">19193</subfield>
  </datafield>
  <datafield tag="952" ind1=" " ind2=" ">
    <subfield code="0">0</subfield>
    <subfield code="1">0</subfield>
    <subfield code="2">ddc</subfield>
    <subfield code="4">0</subfield>
    <subfield code="7">0</subfield>
    <subfield code="8">&#x627;&#x64A;&#x645;&#x643;</subfield>
    <subfield code="a">MAIN</subfield>
    <subfield code="b">MAIN</subfield>
    <subfield code="c">1ST</subfield>
    <subfield code="d">2015-04-27</subfield>
    <subfield code="e">Purchase</subfield>
    <subfield code="g">590.00</subfield>
    <subfield code="h">2446</subfield>
    <subfield code="l">0</subfield>
    <subfield code="o">618.970231 MEI</subfield>
    <subfield code="p">000038076</subfield>
    <subfield code="r">2025-07-15 00:00:00</subfield>
    <subfield code="v">737.50</subfield>
    <subfield code="y">BB</subfield>
  </datafield>
  <datafield tag="952" ind1=" " ind2=" ">
    <subfield code="0">0</subfield>
    <subfield code="1">0</subfield>
    <subfield code="2">ddc</subfield>
    <subfield code="4">0</subfield>
    <subfield code="7">0</subfield>
    <subfield code="8">&#x627;&#x64A;&#x645;&#x643;</subfield>
    <subfield code="a">MAIN</subfield>
    <subfield code="b">MAIN</subfield>
    <subfield code="c">1ST</subfield>
    <subfield code="d">2015-04-27</subfield>
    <subfield code="e">Purchase</subfield>
    <subfield code="g">590.00</subfield>
    <subfield code="h">2446</subfield>
    <subfield code="l">0</subfield>
    <subfield code="o">618.970231 MEI</subfield>
    <subfield code="p">000038077</subfield>
    <subfield code="r">2025-07-15 00:00:00</subfield>
    <subfield code="v">737.50</subfield>
    <subfield code="y">BB</subfield>
  </datafield>
  <datafield tag="952" ind1=" " ind2=" ">
    <subfield code="0">0</subfield>
    <subfield code="1">0</subfield>
    <subfield code="2">ddc</subfield>
    <subfield code="4">0</subfield>
    <subfield code="7">0</subfield>
    <subfield code="8">Alahram</subfield>
    <subfield code="a">MAIN</subfield>
    <subfield code="b">MAIN</subfield>
    <subfield code="c">1ST</subfield>
    <subfield code="d">2015-06-16</subfield>
    <subfield code="e">Purchase</subfield>
    <subfield code="g">609.00</subfield>
    <subfield code="h">324</subfield>
    <subfield code="l">0</subfield>
    <subfield code="o">618.970231 MEI</subfield>
    <subfield code="p">000038580</subfield>
    <subfield code="r">2025-07-15 00:00:00</subfield>
    <subfield code="v">761.25</subfield>
    <subfield code="y">BB</subfield>
  </datafield>
  <datafield tag="952" ind1=" " ind2=" ">
    <subfield code="0">0</subfield>
    <subfield code="1">0</subfield>
    <subfield code="2">ddc</subfield>
    <subfield code="4">0</subfield>
    <subfield code="7">0</subfield>
    <subfield code="8">Alahram</subfield>
    <subfield code="a">MAIN</subfield>
    <subfield code="b">MAIN</subfield>
    <subfield code="c">1ST</subfield>
    <subfield code="d">2015-06-16</subfield>
    <subfield code="e">Purchase</subfield>
    <subfield code="g">609.00</subfield>
    <subfield code="h">324</subfield>
    <subfield code="l">0</subfield>
    <subfield code="o">618.970231 MEI</subfield>
    <subfield code="p">000038581</subfield>
    <subfield code="r">2025-07-15 00:00:00</subfield>
    <subfield code="v">761.25</subfield>
    <subfield code="y">BB</subfield>
  </datafield>
</record>
